Il giudizio sintetico nel processo civile romano
Saved in:
| Hovedforfatter: | |
|---|---|
| Format: | Bog |
| Sprog: | italiensk |
| Udgivet: |
Milán
Dott. A. Giuffrè
1955
|
| Fag: | |
| Tags: |
Tilføj Tag
Ingen Tags, Vær først til at tagge denne postø!
|
MARC
| LEADER | 00000nam a2200000 a 4500 | ||
|---|---|---|---|
| 001 | UCR0947 | ||
| 003 | CL-VaPUC | ||
| 008 | 971205e19550000IT |||||||||||||||||ita|d | ||
| 082 | 0 | 4 | |a 340.54 |b RON |2 21 |
| 100 | 0 | |a Roncagli, Giorgio |e author |9 397613 | |
| 245 | 1 | 3 | |a Il giudizio sintetico nel processo civile romano |
| 300 | |a 116 p | ||
| 942 | |c BK | ||
| 945 | |d 19971205 00:00:00 |a aolguin | ||
| 260 | |a Milán |b Dott. A. Giuffrè |c 1955 | ||
| 650 | 0 | |a Derecho romano |9 255930 | |
| 650 | 7 | |a JUCIO |2 CL-VaPUC |9 397614 | |
| 650 | 0 | |a Derecho civil |9 255013 | |
| 650 | 7 | |a ORGANO JURIDICO |2 CL-VaPUC |9 397615 | |
| 650 | 7 | |a PROCEDIMIENTO PROCESAL |2 CL-VaPUC |9 397592 | |
| 650 | 0 | |a Historia |9 255047 | |
| 583 | |a last modification |c 19971205 00:00:00 |k Rodrigo Vera | ||
| 999 | |c 264444 |d 264442 | ||
| 952 | |0 0 |1 0 |4 0 |6 340_540000000000000_RON_1955 |7 0 |8 DER_ROM |9 294721 |a BIBDER |b BIBDER |d 2019-11-19 |i 1909711 |o 340.54 RON 1955 |p 1909711 |r 2023-01-25 |w 2019-11-19 |x Ubicación 4to piso |y BK |z Este recurso debe solicitarse con anticipación |k DER | ||